000 00557nam a2200241 a 4500
001 nice12345678
003 IN_TiNIC
005 20260116012242.0
008 050524s1979 lona grp 000 0 eng
020 _a0281780
_c200.6
082 0 0 _a234
_bWIE
100 _aWiederkehr, D
245 _aBelief in Redemption
260 _aLondon
_bSPCK
_c1979
300 _a109p
500 _aincludes index and biblioraphy
505 2 _aNotes
650 _aSalvation
700 1 _aWiederkehr, D
902 _bSRS
942 _cBK
999 _c6248
_d6248